Statistics for Name The Celebrity - Odd Baby Names

Click here to take the quiz!

General Stats

  • This quiz has been taken 84 times
  • The average score is 6 of 15

Answer Stats

HintThe answer is their...Answer% Correct
AppleFatherChris Martin
73%
PsalmMotherKim Kardashian
70%
Kal-El CoppolaFatherNicolas Cage
63%
Daisy DoveFatherOrlando Bloom
52%
Moon UnitFatherFrank Zappa
51%
Moroccan ScottMotherMariah Carey
49%
Kulture KiariMotherCardi B
46%
Bluebell MadonnaMotherGeri Halliwell
30%
Petal Blossom RainbowFatherJamie Oliver
25%
JermajestyFatherJermaine Jackson
24%
Bear GreyFatherLiam Payne
23%
Egypt DaoudMotherAlicia Keys
20%
Cricket PearlMotherBusy Phillips
20%
Moxie CrimeFighterFatherPenn Jillette
17%
Denim ColeMotherToni Braxton
10%

Score Distribution

Percentile by Number Answered

Percent of People with Each Score

Your Score History

You have not taken this quiz